000 01386nam a22002417a 4500
003 NALT
005 20220211073610.0
008 s2550 th tha d
020 _a9746439871
040 _aNALT
041 _atha
050 _aJS 7402
_bส747อ 2550 ล.1
110 2 _aมหาวิทยาลัยสุโขทัยธรรมาธิราช.
_bสาขาวิชารัฐศาสตร์
_914782
245 1 0 _aเอกสารการสอนชุดวิชา ปัญหาการเมืองในภูมิภาคและชนกลุ่มน้อยในประเทศไทย หน่วยที่ 1-7 /
_cสาขาวิชารัฐศาสตร์ มหาวิทยาลัยสุโขทัยธรรมาธิราช.
250 _aพิมพ์ครั้งที่ 6
260 _aนนทบุรี :
_bสำนักพิมพ์มหาวิทยาลัยสุโขทัยธรรมาธิราช,
_c2550
300 _a347 หน้า ;
_c29 ซม.
650 4 _aการปกครองท้องถิ่น
_95739
651 4 _976
_aไทย
_xการเมืองและการปกครอง
850 _aNALT
942 _cGB
_2lcc
998 _bแสงอรุณ อนุเคราะห์
_c103
_j
_kCRON CRON
999 _c59164
_d59164